[Event "NRW Class2 1011"]
[Site "Germany"]
[Date "2011.02.20"]
[Round "7.1"]
[White "Klug, Wolfgang"]
[Black "Galonska, Joern"]
[Result "0-1"]
[WhiteElo "2056"]
[BlackElo "2291"]
[PlyCount "68"]
[EventDate "2010.09.26"]
[EventType "team-tourn"]
[EventRounds "9"]
[EventCountry "GER"]
[SourceTitle "EXT 2012"]
[Source "ChessBase"]
[SourceDate "2011.11.24"]
[SourceVersion "1"]
[SourceVersionDate "2011.11.24"]
[SourceQuality "1"]
[WhiteTeam "Schwerte"]
[BlackTeam "Mettmann Sport"]
[WhiteTeamCountry "GER"]
[BlackTeamCountry "GER"]

1. c4 e5 2. Nc3 Nf6 3. Nf3 Nc6 4. e4 Bb4 5. d3 0-0 6. Be2 d6 7. 0-0 h6 8. h3 a6 9. Be3 Bc5 10. Qd2 Nd4 11. Bxd4 exd4 12. Nd5 Nh7 13. Nh2 c6 14. Nb4 Bb6 15. Nc2 f5 16. exf5 Bxf5 17. Bg4 d5 18. Bxf5 Rxf5 19. b3 Qd6 20. g3 Raf8 21. f4 g5 22. Rf2 gxf4 23. Raf1 Ng5 24. Kg2 f3+ 25. Nxf3 Bc7 26. Ncxd4 Qxg3+ 27. Kh1 Qxh3+ 28. Nh2 Bxh2 29. Nxf5 Bf4+ 30. Kg1 Bxd2 31. Ne7+ Kg7 32. Rxf8 Be3+ 33. R1f2 Bxf2+ 34. Rxf2 Nf3+ 0-1

[Event "NRW Class2 1011"]
[Site "Germany"]
[Date "2011.01.30"]
[Round "6.1"]
[White "Galonska, Joern"]
[Black "Odendahl, Reiner"]
[Result "0-1"]
[WhiteElo "2291"]
[BlackElo "2382"]
[PlyCount "72"]
[EventDate "2010.09.26"]
[EventType "team-tourn"]
[EventRounds "9"]
[EventCountry "GER"]
[SourceTitle "EXT 2012"]
[Source "ChessBase"]
[SourceDate "2011.11.24"]
[SourceVersion "1"]
[SourceVersionDate "2011.11.24"]
[SourceQuality "1"]
[WhiteTeam "Mettmann Sport"]
[BlackTeam "Elberfeld"]
[WhiteTeamCountry "GER"]
[BlackTeamCountry "GER"]

1. d4 Nf6 2. c4 c5 3. Nf3 g6 4. Nc3 cxd4 5. Nxd4 Nc6 6. g3 Bg7 7. Bg2 0-0 8. 0-0 Nxd4 9. Qxd4 d6 10. b3 Ne4 11. Qxe4 Bxc3 12. Bh6 Bxa1 13. Bxf8 Qxf8 14. Rxa1 Rb8 15. c5 dxc5 16. Qe5 Be6 17. Qxc5 b6 18. Qc7 a5 19. Rd1 Kg7 20. e3 Qe8 21. h4 a4 22. Qe5+ Kg8 23. Bc6 Qc8 24. bxa4 f6 25. Qe4 Kf8 26. Bd5 Bg4 27. f3 Bf5 28. Qf4 Kg7 29. g4 Bd7 30. Bb3 Rb7 31. Qe4 Bc6 32. Qc4 Kh8 33. Rc1 Rc7 34. g5 Bxf3 35. gxf6 Rxc4 36. Rxc4 Qh3 0-1

[Event "Ruhrgebiet VL2 0405"]
[Site "Ruhrgebiet"]
[Date "2005.01.09"]
[Round "5.2"]
[White "Duengen, Wolfgang"]
[Black "Galonska, Joern"]
[Result "0-1"]
[WhiteElo "2059"]
[BlackElo "2196"]
[PlyCount "78"]
[EventDate "2004.09.12"]
[EventType "team"]
[EventRounds "9"]
[EventCountry "GER"]
[SourceTitle "EXT 2006"]
[Source "ChessBase"]
[SourceDate "2005.11.24"]
[SourceVersion "1"]
[SourceVersionDate "2005.11.24"]
[SourceQuality "1"]
[WhiteTeam "Dortmund Hansa II"]
[BlackTeam "Horst"]
[WhiteTeamCountry "GER"]
[BlackTeamCountry "GER"]

1. d4 Nf6 2. c4 e6 3. Nc3 Bb4 4. e3 0-0 5. Bd3 b6 6. Nge2 Bb7 7. a3 Bxc3+ 8. Nxc3 d5 9. 0-0 c5 10. cxd5 Nxd5 11. Nxd5 Qxd5 12. f3 cxd4 13. Be4 Qd7 14. exd4 Bxe4 15. fxe4 Rd8 16. d5 exd5 17. e5 Nc6 18. Qh5 Re8 19. Bf4 Re6 20. Rae1 Rae8 21. Re3 g6 22. Qg4 R6e7 23. e6 Rxe6 24. Rh3 f5 25. Qh4 Re4 26. Qf6 Nd4 27. Bh6 Qe7 28. Qxe7 R8xe7 29. Rd3 Ne2+ 30. Kf2 Nf4 31. Rd2 d4 32. Rc1 Ne6 33. Rc8+ Kf7 34. g3 Re8 35. Rc6 g5 36. h4 gxh4 37. Kf3 hxg3 38. Kxg3 Rg8+ 39. Kh3 Rg6 0-1

[Event "Ruhrgebiet VL2 0405"]
[Site "Ruhrgebiet"]
[Date "2004.11.21"]
[Round "4.2"]
[White "Galonska, Joern"]
[Black "Ueter, Heinz Dieter"]
[Result "0-1"]
[WhiteElo "2196"]
[BlackElo "2187"]
[PlyCount "58"]
[EventDate "2004.09.12"]
[EventType "team"]
[EventRounds "9"]
[EventCountry "GER"]
[SourceTitle "EXT 2006"]
[Source "ChessBase"]
[SourceDate "2005.11.24"]
[SourceVersion "1"]
[SourceVersionDate "2005.11.24"]
[SourceQuality "1"]
[WhiteTeam "Horst"]
[BlackTeam "Ahlen"]
[WhiteTeamCountry "GER"]
[BlackTeamCountry "GER"]

1. d4 Nf6 2. c4 g6 3. Nc3 Bg7 4. e4 d6 5. Be2 0-0 6. Nf3 Na6 7. 0-0 e5 8. Be3 c6 9. d5 c5 10. Ne1 Nd7 11. a3 f5 12. f3 f4 13. Bf2 g5 14. Rb1 Rf6 15. b4 h5 16. Nd3 b6 17. Qa4 Rg6 18. Qc6 Rb8 19. bxc5 Ndxc5 20. Nxc5 Nxc5 21. Qb5 Bd7 22. Qb2 g4 23. Bxc5 dxc5 24. Rfd1 Qh4 25. Rd2 Kh7 26. Nb5 Rg8 27. Nc7 g3 28. h3 Bxh3 29. gxh3 g2 0-1

[Event "Ruhrgebiet VL2 0304"]
[Site "Ruhrgebiet"]
[Date "2004.03.28"]
[Round "8.1"]
[White "Jellinghaus, Lars"]
[Black "Galonska, Joern"]
[Result "1-0"]
[WhiteElo "2192"]
[BlackElo "2198"]
[PlyCount "27"]
[EventDate "2003.09.28"]
[EventType "team"]
[EventRounds "9"]
[EventCountry "GER"]
[SourceTitle "EXT 2007"]
[Source "ChessBase"]
[SourceDate "2006.11.23"]
[SourceVersion "1"]
[SourceVersionDate "2006.11.23"]
[SourceQuality "1"]
[WhiteTeam "Bochum Post"]
[BlackTeam "Horst"]
[WhiteTeamCountry "GER"]
[BlackTeamCountry "GER"]

1. d4 f5 2. Nc3 Nf6 3. Bg5 d5 4. Bxf6 exf6 5. e3 c6 6. Bd3 Bd6 7. h4 0-0 8. Qf3 Qd7 9. Nge2 Re8 10. 0-0-0 Na6 11. Ng3 f4 12. Nf5 fxe3 13. Nxd6 Qxd6 14. Bxh7+ 1-0

[Event "Ruhrgebiet VL2 0304"]
[Site "Ruhrgebiet"]
[Date "2004.02.29"]
[Round "7.1"]
[White "Alles, Christoph"]
[Black "Galonska, Joern"]
[Result "1-0"]
[WhiteElo "2017"]
[BlackElo "2198"]
[PlyCount "79"]
[EventDate "2003.09.28"]
[EventType "team"]
[EventRounds "9"]
[EventCountry "GER"]
[SourceTitle "EXT 2007"]
[Source "ChessBase"]
[SourceDate "2006.11.23"]
[SourceVersion "1"]
[SourceVersionDate "2006.11.23"]
[SourceQuality "1"]
[WhiteTeam "Castrop Rauxel II"]
[BlackTeam "Horst"]
[WhiteTeamCountry "GER"]
[BlackTeamCountry "GER"]

1. e4 c5 2. Nc3 Nc6 3. g3 g6 4. Bg2 Bg7 5. d3 d6 6. Be3 Nf6 7. h3 Rb8 8. Nge2 0-0 9. 0-0 Nd7 10. f4 Nd4 11. a4 a6 12. Rb1 b5 13. axb5 axb5 14. Qd2 b4 15. Nd1 f5 16. Nf2 b3 17. Bxd4 bxc2 18. Qxc2 cxd4 19. Nxd4 Qb6 20. Nc6 Qb3 21. Qxb3+ Rxb3 22. exf5 Rxb2 23. fxg6 hxg6 24. Nxe7+ Kf7 25. Nd5 Nc5 26. Rxb2 Bxb2 27. Ne4 Nxd3 28. Nxd6+ Ke6 29. Nc4 Bd4+ 30. Kh2 Nf2 31. Re1+ Kd7 32. Re7+ Kd8 33. Nd6 Bd7 34. Nf7+ Kc8 35. Ng5 Rh8 36. Rh7 Re8 37. Nf3 Bc5 38. Nf6 Re7 39. Rh8+ Kc7 40. Nd5+ 1-0

[Event "Ruhrgebiet VL2 0304"]
[Site "Ruhrgebiet"]
[Date "2003.11.09"]
[Round "3.1"]
[White "Jelica, Mara"]
[Black "Galonska, Joern"]
[Result "1/2-1/2"]
[WhiteElo "2126"]
[BlackElo "2198"]
[PlyCount "144"]
[EventDate "2003.09.28"]
[EventType "team"]
[EventRounds "9"]
[EventCountry "GER"]
[SourceTitle "EXT 2007"]
[Source "ChessBase"]
[SourceDate "2006.11.23"]
[SourceVersion "1"]
[SourceVersionDate "2006.11.23"]
[SourceQuality "1"]
[WhiteTeam "Berghofen Wambel"]
[BlackTeam "Horst"]
[WhiteTeamCountry "GER"]
[BlackTeamCountry "GER"]

1. e4 c5 2. Nf3 d6 3. d4 cxd4 4. Nxd4 Nf6 5. Nc3 a6 6. Bg5 Nbd7 7. f4 g6 8. Qe2 Bg7 9. 0-0-0 Qc7 10. h3 0-0 11. Qe1 b5 12. Bxf6 Nxf6 13. e5 dxe5 14. fxe5 Nh5 15. Nd5 Qxe5 16. Qxe5 Bxe5 17. Nc6 Bd6 18. Ndxe7+ Bxe7 19. Nxe7+ Kg7 20. Nxc8 Rfxc8 21. Bd3 Nf4 22. Be4 Ra7 23. Bf3 Rac7 24. Rd2 b4 25. Re1 a5 26. g3 Ne6 27. Bg4 Kf6 28. Ree2 Ke7 29. Kd1 Rc5 30. Re3 R8c6 31. Red3 f5 32. Rd7+ Kf6 33. Bf3 Rc7 34. R7d6 Ke7 35. h4 h6 36. Ra6 Re5 37. Bd5 Rc5 38. Bb3 Re3 39. Rd3 Re4 40. a3 bxa3 41. bxa3 g5 42. h5 f4 43. gxf4 gxf4 44. Rdd6 Rd4+ 45. Rxd4 Nxd4 46. Rxh6 Nxb3 47. cxb3 Rc3 48. Rb6 a4 49. h6 Kf7 50. Rb7+ Kg8 51. bxa4 Rxa3 52. Ra7 Re3 53. Rg7+ Kh8 54. Rf7 f3 55. Kd2 Ra3 56. Ra7 Ra2+ 57. Ke1 Rh2 58. h7 f2+ 59. Kf1 Rh1+ 60. Kxf2 Rf1+ 61. Ke3 Rf3+ 62. Ke4 Rf4+ 63. Ke5 Rf5+ 64. Ke6 Rf6+ 65. Ke7 Re6+ 66. Kf8 Re8+ 67. Kf7 Rf8+ 68. Ke7 Re8+ 69. Kd7 Rd8+ 70. Kc6 Rd6+ 71. Kc7 Rd7+ 72. Kb6 Rd6+ 1/2-1/2

[Event "Ruhrgebiet VL2 0304"]
[Site "Ruhrgebiet"]
[Date "2003.10.19"]
[Round "2.1"]
[White "Galonska, Joern"]
[Black "Happel, Heiner"]
[Result "1-0"]
[WhiteElo "2198"]
[BlackElo "2195"]
[PlyCount "113"]
[EventDate "2003.09.28"]
[EventType "team"]
[EventRounds "9"]
[EventCountry "GER"]
[SourceTitle "EXT 2007"]
[Source "ChessBase"]
[SourceDate "2006.11.23"]
[SourceVersion "1"]
[SourceVersionDate "2006.11.23"]
[SourceQuality "1"]
[WhiteTeam "Horst"]
[BlackTeam "Hamm 45/58"]
[WhiteTeamCountry "GER"]
[BlackTeamCountry "GER"]

1. d4 Nf6 2. Nf3 e6 3. c4 Bb4+ 4. Bd2 c5 5. g3 0-0 6. Bg2 Nc6 7. 0-0 Qb6 8. dxc5 Bxc5 9. Nc3 Be7 10. b3 d6 11. e4 a6 12. h3 Qc7 13. Rc1 Nb8 14. Bf4 Nbd7 15. Qe2 Ne5 16. Nd4 Re8 17. Be3 Bf8 18. Rc2 Ng6 19. Rd1 Rb8 20. Bc1 b6 21. Bb2 Bb7 22. h4 Ne5 23. Nf3 Ned7 24. Nh2 Rbc8 25. Rdc1 Qb8 26. Ng4 Bc6 27. Nxf6+ Nxf6 28. Rd2 b5 29. e5 Bxg2 30. Kxg2 dxe5 31. cxb5 axb5 32. Qxb5 Qa8+ 33. Kg1 Qf3 34. Qe2 Qf5 35. Rdd1 Bc5 36. Na4 Bd4 37. Rxc8 Rxc8 38. Bxd4 exd4 39. Rxd4 Qh3 40. Rc4 Rd8 41. Qd3 Nd5 42. Nb6 g6 43. Rd4 Re8 44. Nxd5 exd5 45. Qd1 Kg7 46. Rxd5 Re4 47. Rd4 Re5 48. Rd5 Re4 49. Qa1+ Kh6 50. Qc1+ Kg7 51. Qc3+ Kh6 52. Rd4 Re2 53. Qc1+ Kg7 54. Rd2 Re4 55. a4 h5 56. Qc3+ Kh7 57. Rd8 1-0

[Event "Ahrensburg Marathon 3rd"]
[Site "Ahrensburg"]
[Date "2002.09.22"]
[Round "9"]
[White "Duhn, Marc"]
[Black "Galonska, Joern"]
[Result "1/2-1/2"]
[WhiteElo "2024"]
[BlackElo "2277"]
[PlyCount "35"]
[EventDate "2002.09.??"]
[EventType "tourn"]
[EventRounds "9"]
[EventCountry "GER"]
[SourceTitle "EXT 2006"]
[Source "ChessBase"]
[SourceDate "2005.11.24"]
[SourceVersion "1"]
[SourceVersionDate "2005.11.24"]
[SourceQuality "1"]

1. Nc3 d5 2. e4 d4 3. Nce2 g6 4. Ng3 Bg7 5. d3 c5 6. Be2 Nc6 7. h4 h5 8. f4 e6 9. e5 Nge7 10. Ne4 Nf5 11. Nf3 b6 12. Nfg5 Nce7 13. Bf3 Nd5 14. Qe2 Bf8 15. Nf6+ Nxf6 16. Bxa8 Nd5 17. Bc6+ Ke7 18. Ne4 1/2-1/2

[Event "Ahrensburg Marathon 3rd"]
[Site "Ahrensburg"]
[Date "2002.09.21"]
[Round "2"]
[White "Hibbeln, Christian"]
[Black "Galonska, Joern"]
[Result "0-1"]
[WhiteElo "1752"]
[BlackElo "2277"]
[PlyCount "62"]
[EventDate "2002.09.??"]
[EventType "tourn"]
[EventRounds "9"]
[EventCountry "GER"]
[SourceTitle "EXT 2006"]
[Source "ChessBase"]
[SourceDate "2005.11.24"]
[SourceVersion "1"]
[SourceVersionDate "2005.11.24"]
[SourceQuality "1"]

1. d4 Nf6 2. Nc3 d5 3. Bg5 Nbd7 4. g3 g6 5. Bh3 Bg7 6. Qd3 0-0 7. 0-0-0 c6 8. f3 Qa5 9. Bd2 Nb6 10. b3 Qa3+ 11. Kb1 a5 12. Ka1 a4 13. Nb1 Qd6 14. Bf4 Qd8 15. e4 axb3 16. cxb3 dxe4 17. fxe4 Ng4 18. Rd2 c5 19. Nf3 cxd4 20. Rc1 e5 21. Bxg4 exf4 22. Bxc8 Rxc8 23. Rxc8 Qxc8 24. gxf4 Qg4 25. f5 Nd7 26. Rc2 Re8 27. fxg6 hxg6 28. Nbd2 Qh5 29. Nc4 Nc5 30. Qd1 d3+ 31. Rb2 Rxe4 0-1

[Event "Ahrensburg Marathon 2nd"]
[Site "Ahrensburg"]
[Date "2002.03.24"]
[Round "7"]
[White "Niebius, Norbert"]
[Black "Galonska, Joern"]
[Result "1/2-1/2"]
[WhiteElo "2020"]
[BlackElo "2245"]
[PlyCount "51"]
[EventDate "2002.03.??"]
[EventType "tourn"]
[EventRounds "7"]
[EventCountry "GER"]
[SourceTitle "EXT 2006"]
[Source "ChessBase"]
[SourceDate "2005.11.24"]
[SourceVersion "1"]
[SourceVersionDate "2005.11.24"]
[SourceQuality "1"]

1. e4 c5 2. Nc3 Nc6 3. g3 g6 4. Bg2 Bg7 5. d3 e6 6. f4 Nge7 7. Nf3 0-0 8. 0-0 d5 9. e5 Rb8 10. Ne2 b6 11. d4 Ba6 12. Re1 Qc7 13. Be3 Rfc8 14. c3 Bf8 15. Bf2 Bb5 16. h4 cxd4 17. Nexd4 Nxd4 18. Nxd4 Bd7 19. h5 Nf5 20. Nxf5 gxf5 21. g4 Bc5 22. gxf5 exf5 23. Bxd5 Kh8 24. Bd4 Be6 25. Bf3 Qe7 26. Kf2 1/2-1/2

[Event "Ruhrgebiet VK3 0001"]
[Site "Ruhrgebiet"]
[Date "2000.11.19"]
[Round "3"]
[White "Galonska, Joern"]
[Black "Kock, Wolfgang"]
[Result "1-0"]
[WhiteElo "2117"]
[BlackElo "2056"]
[PlyCount "97"]
[EventDate "2000.09.17"]
[EventType "team-tourn"]
[EventRounds "9"]
[EventCountry "GER"]
[SourceTitle "EXT 2023"]
[Source "ChessBase"]
[SourceDate "2022.10.05"]
[SourceVersion "1"]
[SourceVersionDate "2022.10.05"]
[SourceQuality "1"]
[WhiteTeam "Horst Emscher"]
[BlackTeam "Castrop Rauxel III"]
[WhiteTeamCountry "GER"]
[BlackTeamCountry "GER"]

1. d4 g6 2. c4 Bg7 3. Nc3 d6 4. e4 Nc6 5. Be3 e5 6. d5 Nd4 7. Nge2 Nxe2 8. Bxe2 Ne7 9. c5 0-0 10. Qc2 f5 11. f3 a6 12. 0-0 f4 13. Bf2 g5 14. Na4 Ng6 15. cxd6 cxd6 16. Nb6 Rb8 17. Rac1 Bd7 18. Qc7 Be8 19. Qxd8 Rxd8 20. Rc7 Rf7 21. Rfc1 Rb8 22. Rxf7 Kxf7 23. Rc7+ Kg8 24. Be1 Bf8 25. Bb4 h6 26. Kf1 Nh8 27. Kf2 Nf7 28. g3 Kg7 29. Bf1 Kf6 30. Bh3 Be7 31. Rc8 Rxc8 32. Bxc8 Nd8 33. Nc4 Bb5 34. Nb6 Kf7 35. a4 Bd3 36. Bh3 Ke8 37. Bg4 Kf7 38. a5 Kf6 39. Nc8 Nf7 40. Bh5 Nd8 41. Bxd6 Bxd6 42. Nxd6 Bb5 43. Nf5 Bd7 44. Nxh6 Kg7 45. Ng4 Bxg4 46. fxg4 Kf6 47. Kf3 fxg3 48. Kxg3 Kg7 49. h4 1-0

[Event "Ruhrgebiet VK4 9900"]
[Site "Ruhrgebiet"]
[Date "2000.04.16"]
[Round "?"]
[White "Belic, Jordanka"]
[Black "Galonska, Joern"]
[Result "1-0"]
[WhiteElo "2342"]
[BlackElo "2230"]
[PlyCount "37"]
[EventDate "1999.09.19"]
[EventType "team-tourn"]
[EventRounds "9"]
[EventCountry "GER"]
[SourceTitle "EXT 2024"]
[Source "ChessBase"]
[SourceDate "2023.10.10"]
[SourceVersion "1"]
[SourceVersionDate "2023.10.10"]
[SourceQuality "1"]

1. e4 c5 2. Nf3 d6 3. Bb5+ Nd7 4. c3 Ngf6 5. Qe2 g6 6. d4 a6 7. Bd3 Bg7 8. e5 dxe5 9. dxe5 Ng4 10. e6 fxe6 11. 0-0 0-0 12. Ng5 Nde5 13. Bc2 Nh6 14. Nd2 Nhf7 15. Nde4 Qb6 16. Rb1 Nxg5 17. Nxg5 Nf7 18. Nxh7 Kxh7 19. Qh5+ 1-0

[Event "Ruhrgebiet VK4 9900"]
[Site "Ruhrgebiet"]
[Date "2000.01.16"]
[Round "?"]
[White "Banik, Thorsten"]
[Black "Galonska, Joern"]
[Result "1/2-1/2"]
[WhiteElo "2180"]
[BlackElo "2230"]
[PlyCount "53"]
[EventDate "1999.09.19"]
[EventType "team-tourn"]
[EventRounds "9"]
[EventCountry "GER"]
[SourceTitle "EXT 2001"]
[Source "ChessBase"]
[SourceDate "2000.11.22"]
[SourceVersion "1"]
[SourceVersionDate "2000.11.22"]
[SourceQuality "1"]

1. e4 c5 2. d4 cxd4 3. c3 dxc3 4. Nxc3 Nc6 5. Nf3 e6 6. Bc4 Nge7 7. 0-0 Ng6 8. Qe2 d6 9. Be3 Be7 10. Nd4 0-0 11. f4 Nxd4 12. Bxd4 e5 13. fxe5 dxe5 14. Be3 Qa5 15. Kh1 Bc5 16. Bxf7+ Rxf7 17. Qc4 Qc7 18. Bxc5 Nf4 19. Nd5 Nxd5 20. Qxd5 Bg4 21. h3 Bh5 22. Bd6 Qd7 23. Rac1 Rd8 24. Bxe5 Qxd5 25. exd5 Rxf1+ 26. Rxf1 Rxd5 27. Bc3 1/2-1/2

[Event "Ruhrgebiet VK1 9697"]
[Site "Ruhrgebiet"]
[Date "1997.??.??"]
[Round "?"]
[White "Galonska, Joern"]
[Black "Kohnert, Andreas"]
[Result "0-1"]
[WhiteElo "2230"]
[BlackElo "2220"]
[PlyCount "58"]
[EventDate "1996.??.??"]
[EventType "team"]
[EventRounds "9"]
[EventCountry "GER"]
[SourceTitle "EXT 2002"]
[Source "ChessBase"]
[SourceDate "2001.11.25"]
[SourceVersion "1"]
[SourceVersionDate "2001.11.25"]
[SourceQuality "1"]

1. d4 d5 2. c4 c5 3. cxd5 Nf6 4. Nf3 cxd4 5. Qxd4 Qxd5 6. Nc3 Qxd4 7. Nxd4 a6 8. Bg5 e5 9. Nf3 Nc6 10. Bxf6 gxf6 11. Nd5 Bb4+ 12. Nd2 Bf5 13. e4 Bxd2+ 14. Kxd2 0-0-0 15. Bd3 Be6 16. Nxf6 Nb4 17. Rhc1+ Kb8 18. Rc3 Nxa2 19. Rc5 Nb4 20. Ra3 b6 21. Rc1 Rd4 22. Ke3 Rhd8 23. Rcc3 b5 24. Be2 Rd2 25. Nxh7 Nc2+ 26. Rxc2 Rxc2 27. Rxa6 Rxb2 28. Rb6+ Kc7 29. Rxb5 Rxe2+ 0-1

[Event "Recklinghausen"]
[Site "Recklinghausen"]
[Date "1995.??.??"]
[Round "3"]
[White "Schmidt, Wlodzimierz"]
[Black "Galonska, Joern"]
[Result "1-0"]
[WhiteElo "2450"]
[BlackElo "2185"]
[PlyCount "81"]
[EventDate "1995.08.??"]
[EventType "tourn"]
[EventRounds "9"]
[EventCountry "GER"]
[EventCategory "7"]
[SourceTitle "EXT 1997"]
[Source "ChessBase"]
[SourceDate "1996.11.15"]
[SourceVersion "1"]
[SourceVersionDate "1996.11.15"]
[SourceQuality "1"]

1. Nf3 Nf6 2. c4 g6 3. Nc3 Bg7 4. e4 d6 5. d4 0-0 6. Be2 e5 7. 0-0 Nc6 8. d5 Ne7 9. Ne1 Ne8 10. Be3 f5 11. f3 f4 12. Bf2 h5 13. c5 g5 14. a4 Ng6 15. a5 Nf6 16. cxd6 cxd6 17. Nb5 g4 18. Bxa7 g3 19. Bb6 Qe7 20. Kh1 Kh8 21. Nc7 Rb8 22. Rc1 Rg8 23. Ne6 Nf8 24. Rc7 Bd7 25. Bb5 Bh6 26. Qc2 Ng4 27. fxg4 hxg4 28. Nxf8 Rbxf8 29. Bxd7 Qh4 30. h3 f3 31. Bxg4 Rxg4 32. Nxf3 Rgf4 33. Rc8 Qf6 34. Rxf8+ Qxf8 35. Be3 Rf6 36. Bxh6 Qxh6 37. Qc8+ Rf8 38. Qg4 Rf4 39. Qxg3 Rxe4 40. Ng5 Rf4 41. Qxf4 1-0

[Event "Seefeld op 04th"]
[Site "Seefeld"]
[Date "1993.??.??"]
[Round "7"]
[White "Born, Mario"]
[Black "Galonska, Joern"]
[Result "1-0"]
[WhiteElo "2220"]
[BlackElo "2105"]
[PlyCount "61"]
[EventDate "1993.09.??"]
[EventType "swiss"]
[EventRounds "9"]
[EventCountry "AUT"]
[SourceTitle "EXT 2000"]
[Source "ChessBase"]
[SourceDate "1999.11.16"]
[SourceVersion "1"]
[SourceVersionDate "1999.11.16"]
[SourceQuality "1"]

1. d4 Nf6 2. Nf3 g6 3. g3 Bg7 4. c4 0-0 5. Bg2 d6 6. 0-0 Nbd7 7. Nc3 c6 8. e4 e5 9. h3 Qb6 10. c5 dxc5 11. dxe5 Ne8 12. Na4 Qc7 13. Bf4 Nxe5 14. Nxc5 Nxf3+ 15. Qxf3 Qe7 16. Nd3 Nc7 17. Rad1 Ne6 18. Bd2 Rd8 19. Qe3 Bd4 20. Qf3 c5 21. Kh2 b6 22. Bc3 Ba6 23. Rfe1 Ng5 24. Qe2 Rd7 25. Qc2 Bxc3 26. bxc3 Rad8 27. Nf4 h5 28. Nd5 Qe6 29. h4 Nh7 30. Bh3 f5 31. exf5 1-0

[Event "Seefeld op 04th"]
[Site "Seefeld"]
[Date "1993.??.??"]
[Round "9"]
[White "Pilz, Dieter"]
[Black "Galonska, Joern"]
[Result "0-1"]
[WhiteElo "2250"]
[BlackElo "2105"]
[PlyCount "108"]
[EventDate "1993.09.??"]
[EventType "swiss"]
[EventRounds "9"]
[EventCountry "AUT"]
[SourceTitle "EXT 2000"]
[Source "ChessBase"]
[SourceDate "1999.11.16"]
[SourceVersion "1"]
[SourceVersionDate "1999.11.16"]
[SourceQuality "1"]

1. d4 Nf6 2. c4 g6 3. Nc3 Bg7 4. e4 d6 5. f4 0-0 6. Nf3 c5 7. dxc5 Qa5 8. Bd3 Qxc5 9. Qe2 Nc6 10. Be3 Qh5 11. 0-0-0 Bg4 12. h3 Bxf3 13. gxf3 Nd7 14. Bc2 Qa5 15. Rd5 Nc5 16. Bxc5 dxc5 17. e5 e6 18. Rd7 Nd4 19. Qe4 b5 20. cxb5 a6 21. b6 Qxb6 22. Rb7 Qa5 23. h4 Rab8 24. h5 Rxb7 25. Qxb7 Rd8 26. hxg6 hxg6 27. Kb1 Qb4 28. Be4 Rb8 29. Qxb4 cxb4 30. Na4 Ne2 31. Nc5 Nxf4 32. Nxa6 Rb6 33. Nc5 Rb5 34. Nd7 Bxe5 35. Bc6 Ra5 36. Re1 Bg7 37. Re4 Nd3 38. b3 Ra6 39. Bb5 Rd6 40. Kc2 f5 41. Rc4 Ne1+ 42. Kc1 Nxf3 43. Rxb4 g5 44. Nc5 g4 45. Nxe6 Bh6+ 46. Kb2 Kf7 47. Bc4 Kf6 48. Rb8 Rxe6 49. Bxe6 g3 50. Rb6 g2 51. Bd5+ Kg5 52. Bxf3 g1Q 53. Re6 Qd4+ 54. Kc2 Bg7 0-1